Human body

Bibliographic Details
Main Author: Parker, Steve
Format: Book
Published: London : Dorling Kindersley , 1993
Series:Eyewitness science
Subjects:

MARC

LEADER 00000cam a2200000 7i4500
001 0000004102
002 000004414
005 20000330.0
020 |a 0751310409 
090 0 0 |a 001   |b PAR 
100 1 |a Parker, Steve 
245 1 0 |a Human body   |c Steve Parker 
260 |a London :   |b Dorling Kindersley ,   |c 1993 
300 |a 64p. :   |b ill ;   |c 29cm. 
490 0 |a Eyewitness science 
650 0 0 |a Human body 
999 |a 037291   |b BUKU   |c JUNIOR REFERENCE   |e PERPUSTAKAAN KOMUNITI PETALING JAYA